Countries without Google Street View - Statistics

General Stats
  • This quiz has been taken 110 times
  • The average score is 56 of 107
Answer Stats
Continent Country % Correct
Asia China
79%
Asia North Korea
71%
Africa Democratic Republic of the Congo
69%
Africa Sudan
69%
Africa Algeria
68%
Asia Iran
66%
Africa South Sudan
65%
Asia Afghanistan
64%
Africa Chad
64%
Africa Libya
64%
Africa Niger
64%
Africa Somalia
64%
South America French Guiana
62%
Asia Iraq
62%
Asia Armenia
61%
Asia Azerbaijan
60%
North America Barbados
60%
Oceania Papua New Guinea
60%
Africa Angola
58%
North America Antigua and Barbuda
58%
North America Belize
58%
Africa Benin
58%
Europe* Bosnia and Herzegovina
58%
Africa Mali
58%
Africa Togo
58%
Africa Central African Republic
57%
North America Cuba
57%
North America Haiti
57%
Africa Mauritania
57%
Africa Republic of the Congo
57%
South America Suriname
57%
Africa Zambia
57%
North America Dominica
56%
South America Guyana
56%
Africa Malawi
56%
Africa Morocco
56%
Africa Mozambique
56%
South America* Paraguay
56%
Asia Syria
56%
Asia Turkmenistan
56%
Asia Uzbekistan
56%
Asia* Vietnam
56%
Asia Burma
55%
Oceania Fiji
55%
North America Honduras
55%
Europe Kosovo
55%
Africa Liberia
55%
South America Venezuela
55%
Asia Yemen
55%
Africa Egypt
53%
Africa Ethiopia
53%
North America Jamaica
53%
Asia* Nepal
53%
North America Nicaragua
53%
Oceania Palau
53%
Africa Zimbabwe
53%
North America Bahamas
52%
Africa Burkina Faso
52%
Asia Georgia
52%
Africa Madagascar
52%
North America Saint Kitts and Nevis
52%
North America Saint Lucia
52%
Africa Tanzania
52%
Africa Burundi
51%
Africa Djibouti
51%
Oceania Kiribati
51%
Africa Mauritius
51%
Oceania Nauru
51%
Asia* Oman
51%
Asia Tajikistan
51%
Africa Cameroon
49%
Africa Cote d'Ivoire
49%
North America* El Salvador
49%
Africa Guinea
49%
Oceania Samoa
49%
Africa Sierra Leone
49%
Oceania Solomon Islands
49%
Africa Eritrea
48%
Oceania Federated States of Micronesia
48%
Africa Gambia
48%
North America Grenada
48%
Africa Guinea-Bissau
48%
Oceania Marshall Islands
48%
Asia Bahrain
47%
Africa Gabon
47%
Africa* Namibia
47%
Oceania Tuvalu
47%
Africa Comoros
45%
North America* Costa Rica
45%
Asia* Kuwait
45%
Asia Maldives
45%
North America Saint Vincent and the Grenadines
45%
Africa Seychelles
45%
Oceania Tonga
45%
North America Trinidad and Tobago
45%
Oceania Vanuatu
45%
Europe Vatican City
45%
Asia Brunei
44%
Africa Equatorial Guinea
44%
Europe Moldova
44%
Asia Saudi Arabia
43%
Asia Timor-Leste
42%
Europe* Liechtenstein
40%
Asia Cyprus
36%
Africa Cabo Verde
25%
Africa Western Sahara
17%
Europe Svalbard
4%
No matching quizzes found
Score Distribution
Percent of People with Each Score
Percentile by Number Answered
Your Score History
You have not taken this quiz